[Event "Sonnevanck 1st"]
[Site "Wijk aan Zee"]
[Date "1987.10.07"]
[Round "6"]
[White "Nijboer, Friso"]
[Black "Dory, Jeno"]
[Result "0-1"]
[WhiteElo "2350"]
[BlackElo "2365"]
[Annotator "Nijboer,F"]
[PlyCount "52"]
[EventDate "1987.10.02"]
[EventType "tourn"]
[EventRounds "9"]
[EventCountry "NED"]
[EventCategory "3"]
[SourceTitle "EXT 2008"]
[Source "ChessBase"]
[SourceDate "2007.11.25"]
[SourceVersion "1"]
[SourceVersionDate "2007.11.25"]
[SourceQuality "1"]

1. e4 c5 2. Nf3 Nc6 3. d4 cxd4 4. Nxd4 g6 5. Nb3 Bg7 6. Be2 Nf6 7. Nc3 d6 8.
O-O O-O 9. Be3 Be6 10. f4 Rc8 11. f5 Bd7 12. g4 Ne5 13. Nd2 Rxc3 $1 14. bxc3
Bc6 15. Bd4 $2 {Wahrscheinlich falsch.} ({Nach} 15. Bf3 {steht Weiß besser.
Eine mögliche Variante dazu:} d5 16. exd5 Nxf3+ 17. Nxf3 Nxd5 18. Bd4 Nxc3 19.
Bxc3 Bxc3 20. Qxd8 Rxd8 21. Rad1 $1 Rxd1 22. Rxd1 Bxf3 23. Rd3 Bxg4 24. Rxc3
gxf5 25. Rc7 {und Weiß hat Vorteil im Endspiel}) 15... Nxe4 16. Nxe4 Bxe4 17.
Rf4 Bc6 $1 (17... d5 18. Bd3 gxf5 19. gxf5 e6) 18. Qf1 Qa5 $1 19. h4 gxf5 $1
20. Rxf5 (20. gxf5 Bh6 21. Rf2 Kh8 22. Kh2 Rg8 23. Qh3 f6 $1 {mit großem
Vorteil für Schwarz.}) 20... Qd5 21. Kh2 Qe4 $1 22. Rc1 Bh6 23. Re1 Qxc2 24.
Bxe5 dxe5 25. Rxe5 Qd2 $1 26. Rd1 $2 ({Auch nach dem besseren} 26. g5 Bg7 27.
Rf5 e6 {ist Weiß verloren.}) 26... Qf4+ 0-1

[Event "RUS-chT 07th"]
[Site "Smolensk"]
[Date "2000.04.17"]
[Round "3"]
[White "Fedorov, Alexei"]
[Black "Makarov, Marat"]
[Result "0-1"]
[WhiteElo "2684"]
[BlackElo "2513"]
[Annotator "Rogozenco,D"]
[PlyCount "100"]
[EventDate "2000.04.15"]
[EventType "team-tourn"]
[EventRounds "11"]
[EventCountry "RUS"]
[SourceTitle "CBM 077"]
[Source "ChessBase"]
[SourceDate "2000.07.27"]
[SourceVersion "1"]
[SourceVersionDate "2000.07.27"]
[SourceQuality "1"]
[WhiteTeam "Smolensk TsEM"]
[BlackTeam "Novosibirsk Transsib"]
[WhiteTeamCountry "RUS"]
[BlackTeamCountry "RUS"]

1. e4 c5 2. Nf3 Nc6 3. Nc3 g6 4. d4 cxd4 5. Nxd4 Bg7 6. Nb3 Nf6 7. Be2 O-O 8.
Be3 d6 9. f4 a5 10. a4 Be6 11. O-O Nd7 12. f5 {White played a harmless line,
but his last move is an innacuracy.} (12. Rb1 {[%csl Rb2][%cal Gc3d5] is
probable the best move, preparing Nd5.}) 12... Bxb3 13. cxb3 Nc5 14. Bc4 Ne5
15. Bd5 $6 Re8 16. Nb5 $2 {After this move suddenly White gets into big
troubles.} (16. Bxc5 dxc5 17. Bxb7 Qxd1 (17... Rb8 $15) 18. Raxd1 Rab8 19. Ba6
Rxb3 20. Bb5 Rb8 $15 {0-1 Schneider,D-Nataf,I/New York USA 2000 (62)}) 16... e6
17. fxe6 (17. Bxc5 dxc5 18. Bxb7 Rb8 19. fxe6 fxe6 20. Nd6 Re7 {[%cal Ge7d7]}
21. Bc8 Nc6 $19) 17... fxe6 18. Bc4 (18. Bxc5 dxc5 19. Bxb7 Rb8 {- 17. Bxc5})
18... Nxe4 19. Bxe6+ $2 {White is lost after that and even trying very hard,
Fedorov was not able to save the game.} (19. Bd5 Nc5 (19... exd5 20. Qxd5+ Kh8
21. Qxe4 Ng4 22. Qxg4 Rxe3 $13) 20. Bxc5 dxc5 21. Bxb7 Rb8 22. Be4 {is much
better than the game, and although Black has an advantage the result remains
an open question.}) (19. Qe2 $2 d5 20. Rad1 Rc8 21. Bd3 Nxd3 22. Rxd3 Rf8 $19)
19... Rxe6 20. Qd5 Qe7 21. Nc7 (21. Nd4 Ng4 22. Qxe6+ Qxe6 23. Nxe6 Nxe3 $19)
21... Qxc7 22. Qxe6+ Kh8 $19 {Black is absolutely winning. Two strong Knights
and a pawn for the Rook are huge material advantage (of course three white
pawns on the queenside count only as two).} 23. Rac1 Nc5 24. Qd5 Qc6 25. Qxc6
Nxc6 26. Rf7 (26. Bxc5 dxc5 27. Rxc5 $2 Bd4+) 26... Ne5 27. Rc7 Ng4 28. Bxc5
dxc5 29. h3 Bd4+ 30. Kf1 Rf8+ 31. Ke2 Re8+ 32. Kd3 Ne5+ (32... Nf2+ 33. Kc4 Ne4
) 33. Kd2 Rf8 34. Re1 b6 35. Re7 Rf5 36. Re6 Kg7 37. Rxb6 Bxb2 38. Ke3 Rf7 39.
Re2 Re7 40. Kd2 Bd4 41. Rb5 Ra7 42. Re4 Kf6 43. Rf4+ Ke6 44. Rb8 Rd7 45. Re8+
Kd5 46. Ra8 Nc6 47. Rc8 Be5 48. Rf3 Nd4 49. Rd3 Rb7 50. Rd8+ Bd6 0-1

[Event "Gausdal Classic"]
[Site "Gausdal"]
[Date "2004.10.01"]
[Round "9"]
[White "Smeets, Jan"]
[Black "Carlsen, Magnus"]
[Result "0-1"]
[WhiteElo "2545"]
[BlackElo "2567"]
[Annotator "Rogozenco,D"]
[PlyCount "72"]
[EventDate "2004.09.23"]
[EventType "tourn"]
[EventRounds "9"]
[EventCountry "NOR"]
[EventCategory "10"]
[SourceTitle "CBM 104"]
[Source "ChessBase"]
[SourceDate "2005.01.27"]
[SourceVersion "1"]
[SourceVersionDate "2005.01.27"]
[SourceQuality "1"]

1. e4 c5 2. Nf3 Nc6 3. Nc3 g6 4. d4 cxd4 5. Nxd4 Bg7 6. Be3 Nf6 7. Be2 O-O 8.
O-O d6 9. Nb3 {Other options offer Black even more possibilities to equalize.}
(9. Qd2 Ng4 (9... d5) (9... Bd7) (9... Nxd4 10. Bxd4 Be6) 10. Bxg4 Bxg4 11. f4
Nxd4 $1 12. Bxd4 e5 13. Be3 exf4 14. Rxf4 Be6 $11) (9. Kh1 d5 $11) (9. f4 Qb6
$1 10. Qd3 Ng4 $11 {[%csl Rd4][%cal Gg7d4,Gc6d4,Gb6d4]}) 9... a6 ({Miles' idea
} 9... Bd7 $5 10. f4 b5 {is another attractive way for Black to play on the
queenside.}) 10. a4 {Prevents ...b5, but weakens the queenside. Unlike in
other Sicilians, in (Classical) Dragon the advance a2-a4 is less attractive
for White, due to the fact that Black can place his bishop on e6 and together
with the other bishop on the long diagonal he exert considerable pressure on
White's queenside.} (10. f4 b5 11. Bf3 Bb7 $140 12. e5 dxe5 13. fxe5 Nd7 14. e6
fxe6 15. Bg4 $44) 10... Be6 $11 11. f4 Rc8 (11... Bxb3 12. cxb3 e6 $13 {
[%csl Ra5,Gb2,Gb3,Rb4][%cal Ga8c8,Gd8c7] is a standard way to create doubled
pawns in Classical Dragon.}) 12. Qd2 Na5 {The position is still equal, but it
is rather White who should be more careful.} 13. Nxa5 Qxa5 14. Bf3 (14. Nd5 $2
Qxd2 15. Nxe7+ Kh8 16. Bxd2 Rxc2 17. Rfd1 Nxe4 $19 {0-1 Salazar,A-La Candia,J/
ARG-ch M corr 1996 (22)}) 14... Qb4 {A direct consequence of the move 10.a4.
Black has the initiative now.} 15. Rfb1 ({After} 15. Rab1 {Black can play
similar to the game} Ng4 16. Bxg4 Bxg4 {and the absence of the rook on a1
favours Black.}) 15... Ng4 (15... Rc7 16. Qf2 $1 (16. a5 Ng4 17. Bxg4 Bxg4 $13)
16... Rfc8 (16... Ng4 $2 17. Bxg4 Bxg4 18. Nd5 $18) 17. a5 $36 {[%cal Ga1a4]})
16. Bxg4 Bxg4 $15 17. Qd3 Qc4 ({I think the strongest was} 17... Bxc3 18. bxc3
Qxc3 19. Ra2 (19. Rxb7 $4 {is obviously not possible because of} Qxa1+) (19.
Qxc3 Rxc3 20. Rb3 Rfc8 $17) 19... Qc4 20. Rab2 Bd7 $1 {I don't see any clear
way for White to reach a reasonable position. On the other hand the desire to
avoid trading off the powerful dark-squared bishop is understandable.}) 18. a5
Bd7 19. Ra3 f5 $15 {Two bishops and the evident activity still secures Black
better chances, of course.} 20. Nd5 Qxd3 21. cxd3 Rce8 {Probably already here
Carlsen had in mind the exchange sac.} (21... Rfe8 $6 22. Nb6 Rc7 23. Nxd7 $11)
22. Rb3 (22. Nc7 $5 Rb8 (22... Rc8 23. Nd5 {is same as before}) 23. Rb3 (23.
Nd5 e6 24. Nb6 Bc6 $17) 23... Ba4 24. Rb4 Bc2 25. Rc1 Bxd3 26. Ne6 Bxe4 (26...
Rfc8 27. Rxc8+ Rxc8 28. Nxg7 Kxg7 29. exf5 gxf5 30. Rxb7 Kf7 $15) 27. Nxf8 Kxf8
$15) 22... Bc6 23. Nc7 Rc8 (23... fxe4 24. Nxe8 Rxe8 {is similar to the game
with the little difference - the rook in the game was better placed on f8 
(compare with the position after 25...Rxf8). In any case Black has great
compensation, but of course it makes sense to explore at maximum available
possibilities.} 25. d4 $5 Kf7 {also with great compensation for Black.}) 24.
Ne6 (24. Nd5 Rfe8 $15) 24... fxe4 $1 (24... Rf7 25. Nxg7 Kxg7 26. Bd4+ Kg8 27.
e5 $11) 25. Nxf8 Rxf8 26. dxe4 (26. d4 Rf5 $44) 26... Bxe4 27. Rc1 Rf5 {
In spite of Black's wonderful compensation, with good play White should be
able to make a draw. It is important for White to create his own activity
rather than wait for Black to improve the position.} 28. Rc7 Kf7 29. Bd2 Bc6 {
Threatening Ke8-d8.} 30. Re3 $1 {A brave decision.} (30. Rc8 Rd5 $17) 30... Bd4
(30... Bf6 $2 31. Bc3) 31. Rcxe7+ Kf8 32. g3 (32. Bc3 Bxe3+ 33. Rxe3 Rxf4 34.
Re6 {should be a draw:} Rg4 (34... d5 35. Rf6+) 35. g3 d5 36. Rf6+ Ke7 37. Rf4
$11) 32... g5 33. fxg5 Rf3 34. Bc1 Bc5 35. Bd2 d5 36. Kg2 $2 {A blunder after
excellent defense.} (36. R7e5 Kf7 37. g4 {[%cal Ge5f5] and White holds.} Kg6
$140 (37... Rh3 38. Kg2 Bxe3 39. Bxe3 Rxe3 40. Rxe3 d4+ 41. Rf3+ Kg6 42. h4 $18
) 38. h4) (36. R7e6 Kf7 37. R6e5 Kg6 38. g4 Rh3 $15 39. Kg2 $140 $2 Bxe3 40.
Bxe3 Rxe3 41. Rxe3 d4+ 42. Rf3 d3 43. Kg3 Bxf3 44. Kxf3 Kxg5 $19) 36... Rxe3 {
White could play for a while the resulting endgame, but he must have been
really upset with 36.Kg2.} (36... Rxe3 37. Rxe3 Bxe3 38. Bxe3 d4+ 39. Kf2 dxe3+
40. Kxe3 Kf7 41. g4 Kg6 42. h4 Ba4 {the easiest plan is to come with the
bishop to d1} 43. Kf4 Bd1 44. b4 Be2 45. Kg3 Kf7 46. Kf4 (46. h5 Ke6 47. Kh4
Bd3 48. g6 hxg6 (48... h6 $2 49. g5) 49. h6 g5+ 50. Kxg5 Kf7 $19) 46... Ke6 47.
h5 Bd1 48. Kg3 (48. g6 hxg6 (48... h6 $19) 49. h6 g5+ 50. Kxg5 Bc2 51. Kf4 Kf6
52. g5+ Kg6 53. Ke5 Kxg5 54. Kd6 Kxh6 55. Kc7 Be4 $19 56. Kb6 Bc6 57. b5 axb5
58. a6 bxa6) 48... Ke5 49. g6 (49. Kh4 Kf4 50. g6 h6 $19) (49. h6 Bc2 $19)
49... h6 (49... hxg6 50. h6 Kf6 51. g5+) 50. g7 Bb3 $19) 0-1

[Event "Corus"]
[Site "Wijk aan Zee"]
[Date "2001.01.25"]
[Round "10"]
[White "Timman, Jan H"]
[Black "Tiviakov, Sergei"]
[Result "0-1"]
[WhiteElo "2629"]
[BlackElo "2597"]
[Annotator "Rogozenco,D"]
[PlyCount "82"]
[EventDate "2001.01.13"]
[EventType "tourn"]
[EventRounds "13"]
[EventCountry "NED"]
[EventCategory "19"]
[SourceTitle "CBM 081"]
[Source "ChessBase"]
[SourceDate "2001.03.20"]
[SourceVersion "1"]
[SourceVersionDate "2001.03.20"]
[SourceQuality "1"]

1. e4 {Tiviakov} c5 2. Nf3 Nc6 3. d4 cxd4 4. Nxd4 g6 5. Nc3 Bg7 6. Be3 Nf6 7.
Be2 O-O 8. Nb3 d6 9. O-O Be6 10. f4 Qc8 11. Kh1 Bg4 {'!?' Tiviakov.} 12. Bg1
Rb8 {Tiviakov plays the most precise move order. Back has no opening problems
at all here.} 13. a4 (13. Nd4 Bxe2 (13... a6 14. Bxg4 Qxg4 15. Qd2 Rbc8 16.
Rae1 b5 17. e5 $36 {1-0 Svidler,P-Khalifman,A/Tilburg 1994/ (45)}) 14. Qxe2 b5
15. e5 dxe5 16. fxe5 Nd7 17. Nxc6 Qxc6 18. Bxa7 Rb7 19. Bd4 b4 20. Ne4 Nxe5 21.
a3 bxa3 22. Rxa3 Qc4 23. Qxc4 Nxc4 24. Bxg7 Kxg7 25. Rb3 Rxb3 26. cxb3 Ne5 $17
{0-1 Glek,I-Khalifman,A/Moscow 1995/ (45)}) (13. Nd5 Bxe2 14. Qxe2 Qe6 15.
Nxf6+ Bxf6 16. c3 Bg7 17. Rfe1 b5 $11 {1/2-1/2 Galkin,A-Khalifman,A/Elista
1998/ (21)}) 13... b6 14. Nd4 {'!' Tiviakov.} (14. Nd5 {Tiviakov} Bxe2 15. Qxe2
Qe6 16. Qd3 Nxe4 17. Nc7 Qf5 18. g4 Qd7 19. Na6 Nc5 20. Nxb8 Rxb8 21. Bxc5 Qb7
22. Qe4 bxc5 23. c3 Qa6 24. Qc2 Qc8 25. Rg1 g5 $15 {0-1 Kondali,J-Nesis,G/cr
Keres-mem 1985 (33)}) 14... Bxe2 15. Qxe2 Rd8 {!' Tiviakov. A novelty. In my
opinion the move 15. ... Nd7 is more attractive - sometimes the Rook must be
on e8, not d8.} (15... Nd7 16. Nxc6 (16. Rad1 $14 {Tiviakov}) 16... Qxc6 17.
Nd5 Rfe8 {'=' Tiviakov. Tiviakov: '1/2-1/2 Barua,D-Ehlvest,J/Calcutta 1999/CBM
69 ext (50)'} 18. c3 Nc5 19. b4 e6 20. bxc5 exd5 21. cxb6 axb6 22. exd5 Qxc3
23. Qa2 Qa5 $15 {1/2-1/2 Prasad,D-Konguvel,P/Nagpur 1999/ (40)}) 16. Rad1 Qb7 {
Tiviakov: '[/\Rfc8]'} 17. e5 {'?!' Tiviakov. A double-edged pawn advance,
connected with a misscalculation.} dxe5 18. fxe5 Ne8 {'=/+' Tiviakov. Tiviakov:
'[><e5]'} 19. Rxf7 $4 {[%mdl 8192] '?' Tiviakov.} (19. Bf2 $5 $11 {/+/= 
preparing either Bg3 or Bh4.} Nxe5 $140 $2 20. Bg3 f6 21. Nf3 $16) (19. e6 $142
{Tiviakov} f5 $15) (19. Nxc6 {Tiviakov} Qxc6 $15 {/\Qe6}) 19... Nxd4 (19...
Kxf7 $4 20. Qc4+ e6 21. Qxe6+ Kf8 22. Rf1+ $18) 20. Rxg7+ (20. Qc4 {I think
Timman meant this move, but missed Black's defence.} Qc6 $19 (20... Qc8 $19)) (
20. Bxd4 $142 {Tiviakov} Kxf7 21. Qc4+ e6 (21... Kf8 22. Rf1+ Nf6 23. exf6 Bxf6
24. Bxf6 exf6 25. Rxf6+ Kg7 $17) 22. Rf1+ Kg8 23. Qxe6+ Kh8 24. Rf7 Qc8 (24...
Qxf7 25. Qxf7 Rxd4 $19) 25. Qe7 h6 $19) 20... Nxg7 21. Bxd4 (21. Rxd4 {Tiviakov
} Rxd4 22. Bxd4 Nf5 $19 (22... Rd8 $5) (22... Qc6 $5)) 21... Nf5 $19 22. Qc4+
Kg7 23. e6+ Kg8 {Black trades white Rook and is absolutely winning.} 24. Bf2
Rxd1+ 25. Nxd1 Rd8 26. Nc3 Rd2 27. Qf4 Rxc2 28. h4 Qc8 29. Kg1 Qxe6 30. Ne4 Rc4
31. Qb8+ Kg7 32. Nc3 Nxh4 33. Qxa7 Rg4 34. g3 Qd6 35. Qb7 Nf5 36. Qf3 h5 37.
Kh2 Kh7 38. b3 Qd2 39. Kh3 Qc1 40. Kh2 Qc2 41. Kh3 Qxb3 0-1

[Event "EU-Cup 14th final"]
[Site "Belgrade"]
[Date "1999.01.12"]
[Round "2"]
[White "Svidler, Peter"]
[Black "Kramnik, Vladimir"]
[Result "1/2-1/2"]
[WhiteElo "2713"]
[BlackElo "2751"]
[Annotator "Rogozenco,D"]
[PlyCount "35"]
[EventDate "1999.01.11"]
[EventType "team-k.o."]
[EventRounds "3"]
[EventCountry "YUG"]
[SourceTitle "EXT 2020"]
[Source "ChessBase"]
[SourceDate "2019.10.17"]
[SourceVersion "1"]
[SourceVersionDate "2019.10.17"]
[SourceQuality "1"]
[WhiteTeam "St Petersburg"]
[BlackTeam "Zemun Agrouniverzal"]
[WhiteTeamCountry "RUS"]
[BlackTeamCountry "SRB"]

1. e4 {Schulz,A} c5 2. Nf3 Nc6 3. Nc3 {Interesting moment. With such move
order White tries to avoid Sveshnikov variation, but now Black has a pleasant
choice between other lines, where the Knight on c3 could be placed a bit
premature.} g6 (3... e5 4. Bc4 Be7 5. d3 d6 6. Nd2 Bg5 7. h4 Bh6 8. Qh5 (8. g4
Bf4 9. Nd5 Nge7 10. Nxf4 exf4 11. Bb5 O-O 12. Bxc6 Nxc6 13. Nb3 d5 {0-1
Kupreichik,V-Kramnik,V/Moscow olm 1994/CBM 45 (42)}) 8... g6 9. Qd1 Nf6 10. h5
Bg4 11. f3 Bd7 12. Bd5 Nxh5 {=+ 0-1 Fedorov,A-Morozevich,A/Kishinev 1998/CBM
64 (12)}) 4. d4 cxd4 5. Nxd4 Bg7 {Choosing Dragon, Black avoided Maroczy
variation and also in the main lines of the Dragon, White has limited
possibilities, due to the fact that Black didn't play d7-d6 yet.} 6. Be3 Nf6 7.
Nb3 {Black achieved his aim - White proved to be unprepared for the main lines.
} O-O 8. Be2 d6 9. O-O Be6 (9... a6) 10. f4 {Schulz,A: 'Das ist das
Hauptabspiel in der Klassichen Variante.'} Rc8 (10... Qc8 11. Kh1 Rd8 12. Bg1
d5 13. e5 Ne4 14. Bd3 f6 15. exf6 Nxc3 16. bxc3 Bxf6 17. f5 {~ Kotronias-Agnos,
Peristeri 95}) ({In alten Zeiten dachte man, Schwarz m�sse sich gegen f4-f5
stemmen:} 10... Qc8 {Schulz,A}) ({oder dem Le6 ein aktives Ausweichfeld
er�ffnen.} 10... Na5 {Schulz,A Das sind die beiden Hauptvarianten.}) 11. Kh1
(11. f5 $2 {Schulz,A} Bd7 {-/+} 12. g4 $2 Ne5 {$140 13...Rxc3 14.bxc3 Nxe4 -+})
(11. Bf3 {Schulz,A ist die Alternative.}) 11... Na5 (11... a6 $5 {Schulz,A} 12.
Bf3 (12. f5 $2 Bd7 13. g4 $2 Ne5 14. g5 Rxc3 15. bxc3 Nxe4 {-+ wie oben.})
12... Na5) 12. Nxa5 $6 (12. f5 Nc4 (12... Bc4) (12... Bd7 $2 13. Bxa7) 13. Bd4
Bd7 14. Bxc4 Rxc4 15. Qd3 {+=}) 12... Qxa5 13. Bd4 Bc4 {= Black has achieved
everything. The position is equal.} 14. a3 e5 15. fxe5 (15. Be3 exf4 16. Bxf4
Bxe2 17. Qxe2 d5 {=}) 15... dxe5 16. Bf2 Be6 17. Bd3 Nh5 18. Re1 1/2-1/2

[Event "RUS-Cup Final"]
[Site "Sochi"]
[Date "1997.09.20"]
[Round "4"]
[White "Galkin, Alexander"]
[Black "Yakovich, Yuri"]
[Result "1/2-1/2"]
[WhiteElo "2540"]
[BlackElo "2610"]
[Annotator "Rogozenco,D"]
[PlyCount "44"]
[EventDate "1997.09.17"]
[EventType "tourn"]
[EventRounds "11"]
[EventCountry "RUS"]
[EventCategory "13"]
[SourceTitle "CBM 062"]
[Source "ChessBase"]
[SourceDate "1998.01.31"]
[SourceVersion "1"]
[SourceVersionDate "1998.01.31"]
[SourceQuality "1"]

1. e4 c5 2. Nf3 Nc6 3. d4 cxd4 4. Nxd4 Nf6 5. Nc3 d6 6. Be2 g6 7. Be3 Bg7 8.
O-O O-O 9. Nb3 Be6 10. f4 Rc8 (10... Qc8 11. Kh1 Rd8 12. Bg1 $14 d5 13. e5 Ne4
14. Nb5 g5 15. fxg5 Nxe5 16. Nxa7 Qd7 17. Nb5 Nc4 18. N5d4 Nxb2 19. Qc1 Na4 20.
Qf4 Rf8 21. Bh5 $16 {Daniliuk-Maksimenko, St.Petersburg 1993}) 11. Rb1 {
Galkin`s speciality.} (11. Bf3 Nd7 12. Rb1 Nb6 13. Nd5 Nc4 14. Bc1 b5 15. c3 a5
$11 {Unziker-Alterman, Bad Homburg 1996}) (11. f5 $6 Bd7) 11... b5 {Novelty.
It seems that Black can immidiately play it, which means he is OK.} (11... a6
12. Bf3 b5 13. Nd5 Nd7 14. Qe2 (14. c3 a5 15. Nd4 Bxd5 16. exd5 Nxd4 17. Bxd4
Bxd4+ 18. Qxd4 Qb6 $11 {Galkin,A-Yakovich,Y/St.Petersburg op 1995}) 14... Re8
15. Rfd1 Kh8 16. c3 Rb8 17. h4 a5 18. a3 a4 19. Nd4 Bxd5 20. exd5 Nxd4 21. Bxd4
Bxd4+ 22. Rxd4 $16 {Galkin,A-Romanovich,L/St.Petersburg op 1995}) (11... Na5
12. Bxa7 Nxb3 13. axb3 b6 14. Qd3 Qc7 15. Ra1 Ra8 16. Nb5 Qc5+ 17. Kh1 Ng4 18.
Bxg4 Bxg4 19. Nc3 Bxc3 20. Qxc3 Rfc8 21. Qxc5 bxc5 22. Ra3 Be6 23. Rfa1 f5 24.
e5 Kf7 25. Kg1 Bd5 26. exd6 {Galkin,A-Leko,P/WchJM-U14 1993/TD 93\05/1/2-1/2 
(68)}) 12. Nxb5 (12. Bxb5 $6 Ng4 $15) 12... Nxe4 13. Nxa7 (13. N5d4 Nxd4 14.
Nxd4 Bxa2 15. Ra1 Bd5 16. Rxa7 Ra8 $15) 13... Nxa7 14. Bxa7 Ra8 (14... Bxb3 $2
15. axb3 Qc7 16. Be3 Qxc2 17. Qxc2 Rxc2 18. Bd3 $18) 15. Bd4 Rxa2 16. Bxg7 Kxg7
17. Qd4+ (17. Nc1 $2 Qb6+ $19) 17... Nf6 18. Nc1 (18. Bf3 Bxb3 19. cxb3 Qb8 $15
) 18... Ra8 19. Nd3 Qc7 $11 20. Nb4 (20. c3 $11) (20. Bf3 Rab8 $11) 20... Bf5
21. Rbd1 Qc5 22. Bf3 Ra7 1/2-1/2

[Event "Presidents Cup "]
[Site "Elista"]
[Date "1998.05.07"]
[Round "1.1"]
[White "Galkin, Alexander"]
[Black "Khalifman, Alexander"]
[Result "1/2-1/2"]
[WhiteElo "2565"]
[BlackElo "2660"]
[Annotator "Rogozenco,D"]
[PlyCount "41"]
[EventDate "1998.05.07"]
[EventType "k.o."]
[EventRounds "6"]
[EventCountry "RUS"]
[SourceTitle "CBM 065"]
[Source "ChessBase"]
[SourceDate "1998.08.06"]
[SourceVersion "1"]
[SourceVersionDate "1998.08.06"]
[SourceQuality "1"]

1. e4 c5 2. Nf3 d6 3. d4 cxd4 4. Nxd4 Nf6 5. Nc3 Nc6 6. Be2 g6 {A common way
to switch to Dragon variation. This is the reason why 6.Be2 is not so popular
after 5. ... Nc6.} 7. Be3 Bg7 8. O-O O-O 9. Nb3 {Probably the only way to put
some problems for Black here. Other moves are harmless. However, even after
the text move Black can equalize with accurate play. This game is another
proof for that.} Be6 10. f4 Qc8 (10... Rc8 11. Kh1 Na5 12. f5 Nc4 13. Bd4 Bd7
14. Bxc4 Rxc4 15. Qd3 $14 {Luther,T-Leko,P/Munich/1992}) (10... b5 $5 {Miles}
11. Bf3 Qd7 12. h3 Rac8 13. Nd5 Ne8 $5 $13 {Svidler-Brodsky,M./RUS-chT Azov/
1996}) (10... Qd7 $5) (10... Na5 11. f5 Bc4 12. Nxa5 Bxe2 13. Qxe2 Qxa5 14. Bd4
Rac8 15. Rad1 b5 $6 16. Nxb5 $14 {Svidler-Hodgson/Koop Tjuchem/1996}) 11. Kh1 (
11. Bf3 Bc4 12. Rf2 b5 $13) 11... Bg4 {It seems that after this move Black is
OK. Khalifman played it several times and there is no point to go for the more
unclear 11. ... Rd8.} 12. Bg1 (12. Bxg4 Qxg4 $11) 12... Rb8 13. Nd5 (13. Nd4
Bxe2 14. Qxe2 b5 15. e5 dxe5 16. fxe5 Nd7 17. Nxc6 Qxc6 18. Bxa7 Rb7 19. Bd4 b4
20. Ne4 Nxe5 21. a3 bxa3 22. Rxa3 Qc4 23. Qxc4 Nxc4 24. Bxg7 Kxg7 25. Rb3 Rxb3
26. cxb3 Ne5 $17 {Glek,I-Khalifman,A/Moscow PCA-Intel qual/1995}) 13... Bxe2
14. Qxe2 Qe6 (14... e6 15. Nxf6+ Bxf6 16. c3 $14 {Anand-Fedorowicz/Amsterdam/90
}) 15. Nxf6+ Bxf6 16. c3 (16. c4 {Doesn´t look very logical here.} a5 (16...
Rbc8 $5) 17. Rad1 Rfc8 18. Rfe1 a4 19. Nc1 Nb4 20. b3 $11 {Koglin-Batceceg/
Leon University/1996}) 16... Bg7 17. Rfe1 b5 {Black has a simple and common
plan here - to push a and b pawns. The position is equal.} 18. Rad1 (18. Nd4
Nxd4 19. cxd4 $5 (19. Bxd4 Bxd4 (19... a5) 20. cxd4 d5 $11) 19... Qc4 $13)
18... Qc4 19. Nc1 Qxe2 20. Rxe2 a5 $11 21. Rd5 1/2-1/2